Estudio de ordenación del Parque del Tibidabo / Antonio Riera Clavillé y Francisco Escudero Ribot
Publicado:
Barcelona :
Comisión de Urbanismo y Servicios Comunes de Barcelona y otros Municipios ,
1972
Descripción Física:
297 p., [18] f. pleg. amb map., col. ; 30 cm
MARC
| LEADER | 00000nam a2200000Ia 4500 | ||
|---|---|---|---|
| 001 | 9908 | ||
| 008 | 160829s1972 xx 000 0 cat d | ||
| 080 | |a B-1-321 | ||
| 100 | |a Riera Clavillé, Antonio |9 35848 | ||
| 245 | |a Estudio de ordenación del Parque del Tibidabo / Antonio Riera Clavillé y Francisco Escudero Ribot | ||
| 260 | |a Barcelona : |b Comisión de Urbanismo y Servicios Comunes de Barcelona y otros Municipios, |c 1972 | ||
| 300 | |a 297 p., [18] f. pleg. amb map., col. ; |c 30 cm | ||
| 650 | |a Tibidabo, Parc del |x Projectes i construcció |9 35849 | ||
| 650 | |a Tibidabo, Parc del |x Urbanisme |9 35850 | ||
| 700 | |a Escudero Ribot, Francisco |9 35851 | ||
| 700 | |a Comisión de Urbanismo y Servicios Comunes de Barcelona y Otros Municipios |9 27294 | ||
| 901 | |a Arxiu | ||
| 942 | |n 1 | ||
| 952 | |0 0 |1 0 |4 0 |6 B1321 |7 1 |9 47099 |a Arxiu |b Arxiu |d 2016-12-01 |l 0 |o B-1-321 |p 9908 |r 2016-12-01 00:00:00 |w 2016-12-01 |y ARXIU | ||
| 999 | |c 50893 |d 50893 | ||